1361 1702 1480 1099 1709 1169 1327 1630 1848 1500 1847 1009 1176 1179 1888 1314 1239 1025 1374 1314 1529 1767 1303 1644 1510 1091 1135 1876 1735 1465 1747 1871 1795 1706 1019 1253 1504 1405 1417 1959 1192 1284 1151 1639 1215 1508 1884 1949 1273 1849 1674 1842 1121 1987 1295 1466 1996 1815 1911 1033 1557 1088 1920 1120 1691 1487 1070 1543 1576 1731 1475 1358 1949 1618 1626 1986 1192 1624 1110 1305 1713 1165 1120 1976 1238 1566 1905 1184 1096 1712 1454 1905 1771 1758 1273 1682 1855 1770 1556 BCNSPRNW ULIB Ver.6.0+V

เปลี่ยนเป็นภาษาไทย

Change to English
 แสดงรายละเอียดบรรณานุกรม
  กลับหน้าหลัก

Brief Record : Get Marc (ISO 2709) : E-mail record : QR code < ปิดหน้าต่าง
LEADER : 00000nam 2200000uu 4500
001    13399111171
003     ULIB
008    110619s2548||||th 000 0 tha d
060 04 WY18.2^bว587ส 2548
245 00 สาระทบทวนวิชา :^bกฎหมายและจรรยาบรรณวิชาชีพการพยาบาล /^cหัวหน้าโครงการพัฒนาทักษะชีวิต, ละเอียด แจ่มจันทร์
246 30 กฎหมายและจรรยาบรรณวิชาชีพการพยาบาล
250    พิมพ์ครั้งที่ 1
260    กรุงเทพฯ :^bวิทยาลัยพยาบาลเครือข่ายภาคกลาง, ^c2548
300    107 หน้า ;^c26 ซม.
650  7 การพยาบาล^xกฎหมายและระเบียบข้อบังคับ
650  7 จรรยาบรรณพยาบาล
700 0  ละเอียด แจ่มจันทร์,^eบรรณาธิการ
710     วิทยาลัยพยาบาลเครือข่ายภาคกลาง
945    ^p0^l0^i13721
945    ^p0^l0^i13719
945    ^p0^l0^i13720
995    เกษร
999    ^aใช้งานได้ทุกระบบ
รายการนี้ยังไม่มีแท็ก
คุณยังไม่ได้ล็อกอิน คุณสามารถมีกิจกรรมร่วมกับเว็บไซต์ได้ แต่ต้องล็อกอินก่อน ::
  ล็อกอิน

รายการสื่อสารสนเทศ

ลำดับที่ ประเภท เลขเรียก/บาร์โค้ด สถานที่ สถานะ
- ไม่พบข้อมูล -

รายการใกล้เคียง
    หัวเรื่อง [การพยาบาล กฎหมายและระเบียบข้อบังคับ]
    หัวเรื่อง [จรรยาบรรณพยาบาล]

BibComment


ยังไม่เคยถูกคอมเมนท์

คอมเมนท์ทรัพยากรรายการนี้
  คอมเมนท์: สาระทบทวนวิชา กฎ..


 Copyright 2026. Bcnsprnw @Library